La Revolución proletaria

Guardado en:
Bibliografiske detaljer
Hovedforfatter: Lenin, Vladimir Ilich
Format: Texto
Udgivet: Lima: EPASA
Tags: Tilføj Tag
Ingen Tags, Vær først til at tagge denne postø!

MARC

LEADER 00000 a a2200000 04500
001 22564
003
040
090 |a 154500  
100 |a Lenin, Vladimir Ilich  
245 |a La Revolución proletaria  
260 |a Lima:   |b EPASA  
300 |a 136 p; n. 36   |b **no definido**  
999 |c 13574  |d 13574